| 000 | 003440000a22001570004500 | ||
|---|---|---|---|
| 001 | 001010 | ||
| 003 | MACL | ||
| 040 | _aMACL | ||
| 090 |
_c1010 _d1010 |
||
| 100 | _aMukherjee, Satis Chandra | ||
| 245 |
_aThe Dawn _cSatis Chandra Mukherjee |
||
| 260 |
_aNaba Bharati Bhaaban, _c1999 |
||
| 350 | _a350 | ||
| 650 | _aJournalism | ||
| 942 |
_k70 _cBook |
||
| 999 |
_c1006 _d1006 |
||